• 首页
  • 本馆介绍
  • 公告通知
  • 最新文献
  • 馆藏检索
  • 电子资源
  • 读者导购
  • 参考咨询
  • 我的图书馆
  • 登录
  • 详细信息显示
  • 放入我的书架
  • 预约/预借图书
  • 作者相关作品
  • 分类相关作品
  • 丛书相关作品
  • 出版社相关作品

书目信息

  • 表格格式
  • 工作单格式
  • 卡片格式
题名:
徐九经升官记
    
 
作者: 郭大宇 , 志淦 著
分册:  
出版信息: 北京   中国戏剧出版社  1982
页数: 185页
开本: 19cm
丛书名:
单 册:
中图分类: I232.7 , I232
科图分类:
主题词: 京剧-剧本--中国--现代 , 剧本-京剧--中国--现代 , 戏剧文学--剧本--中国
电子资源:
ISBN:
000 00762nam0 2200289 45
001 0182009156
005 20040416103957.7
010    @dCNY0.56
091    @a8069.204
100    @a19950510d1982 em y0chiy0121 ea
101 0  @achi
102    @aCN@b110000
105    @af z 000by
106    @ar
200 10 @a徐九经升官记@Axu jiu jing sheng guan ji@e京剧@f郭大宇, 志淦著
210    @a北京@c中国戏剧出版社@d1982
215    @a185页@c剧照@d19cm
606    @a京剧-剧本@y中国@z现代
606    @a剧本-京剧@y中国@z现代
606 0  @a戏剧文学@x剧本@x中国
690    @aI232.7@v3
690    @aI232
701  0 @a郭大宇@Aguo da yu@4著
701  0 @a志淦@Azhi gan@4著
801  0 @aCN@b上海图书馆@c20040416
801  2 @aCN@bNLC@c20040416
905    @dI232@e62
    
    徐九经升官记:京剧/郭大宇, 志淦著.-北京:中国戏剧出版社,1982
    185页:剧照;19cm
    
    
    ISBN :CNY0.56
    
●
相关链接 在E读中查询图书 在五车中查询图书 在当当中查询图书 在豆瓣中查询图书


正题名:徐九经升官记     索取号:I232/62         预约/预借

序号 登录号 条形码 馆藏地/架位号 状态 备注
1 0099029   000767012   第二借阅区/ [索取号:I232/62] 在馆    
2 0099030   000767003   第二借阅区/ [索取号:I232/62] 在馆    
3 0099031   000767021   第一样本阅览室/ [索取号:I232/62] 在馆    
唐山师范学院图书馆 欢迎您!
大连网信软件有限公司© 版权所有